BSOP header

Missiology : (Record no. 46227)

MARC details
000 -LEADER
fixed length control field 01115cam a2200265 a 4500
001 - CONTROL NUMBER
control field 671089
005 - DATE AND TIME OF LATEST TRANSACTION
control field 20190429154158.0
008 - FIXED-LENGTH DATA ELEMENTS--GENERAL INFORMATION
fixed length control field 950420s1995 miu b 001 0 eng
010 ## - LIBRARY OF CONGRESS CONTROL NUMBER
LC control number 95017638
020 ## - INTERNATIONAL STANDARD BOOK NUMBER
International Standard Book Number 080280487X (paper : alk. paper)
040 ## - CATALOGING SOURCE
Original cataloging agency DLC
Transcribing agency DLC
Modifying agency DLC
245 00 - TITLE STATEMENT
Title Missiology :
Remainder of title an ecumenical introduction : texts and contexts of global Christianity /
Statement of responsibility, etc edited by A. Camps, L.A. Hoedemaker, M.R. Spindler, and F.J. Verstraelen, general editor ; with the special assistance of J.D. Gort and F.J. Verstraelen for this English Edition.
260 ## - PUBLICATION, DISTRIBUTION, ETC. (IMPRINT)
Place of publication, distribution, etc Grand Rapids, MI :
Name of publisher, distributor, etc William B. Eerdmans Pub. Co.,
Date of publication, distribution, etc 1995.
300 ## - PHYSICAL DESCRIPTION
Extent vii, 498 p. ;
Dimensions 24 cm.
336 ## - CONTENT TYPE
Content Type Term text
337 ## - MEDIA TYPE
Media Type Term unmediated
338 ## - CARRIER TYPE
Carrier Type Term volume
500 ## - GENERAL NOTE
General note Includes English translation of Oecumenische inleiding in de missiologie newly revised by original authors and editors.
504 ## - BIBLIOGRAPHY, ETC. NOTE
Bibliography, etc Includes bibliographical references (p. 471-487) and index.
650 #0 - SUBJECT ADDED ENTRY--TOPICAL TERM
Topical term or geographic name as entry element Missions.
650 #0 - SUBJECT ADDED ENTRY--TOPICAL TERM
Topical term or geographic name as entry element Church history.
700 1# - ADDED ENTRY--PERSONAL NAME
Personal name Verstraelen, F. J.
730 02 - ADDED ENTRY--UNIFORM TITLE
Uniform title Oecumenische inleiding in de missiologie.
942 ## - ADDED ENTRY ELEMENTS (KOHA)
Source of classification or shelving scheme Library of Congress Classification
Item type Books
Holdings
Withdrawn status Lost status Source of classification or shelving scheme Damaged status Not for loan Home library Current library Shelving location Date acquired Source of acquisition Inventory number Total Checkouts Full call number Barcode Date last seen Price effective from Koha item type
    Library of Congress Classification     BSOP Library BSOP Library GC 04/29/2019 Hilfe Fur Bruder 16158   BV 2030 M69c 00014805 04/29/2019 04/29/2019 Books
BSOP

Biblical Seminary of the Philippines
  All rights Reserved
  © 2024

CONTACT INFORMATION

Biblical Seminary of the Philippines,
  77-B Karuhatan Road, Valenzuela City,
  PHILIPPINES 1441
  Phone: +632 8292-6795 / 8292-6798
  Fax : +632 8292-6675
  Email: library@bsop.edu.ph